Minecraft (2x2 Crafting) - Statistics

General Stats
  • This quiz has been taken 976 times
  • The average score is 6 of 9
Answer Stats
Hint Answer % Correct
1 Wood Plank Button
93%
4 Wood Planks Crafting Table
88%
4 Glowstone Dust Glowstone
84%
1 Stick + 1 Redstone Dust Redstone Torch
84%
2 Wood (on top of each other) Sticks
79%
2 Stone (side by side) Stone Pressure Plate
56%
1 Stick + 1 Coal/Charcoal Torches
56%
4 Stone Stone Bricks
51%
2 Wood (side by side) Wood Pressure Plate
49%
No matching quizzes found
Score Distribution
Percent of People with Each Score
Percentile by Number Answered
Your Score History
You have not taken this quiz